| 000 | 00793nam a2200193Ia 4500 | ||
|---|---|---|---|
| 008 | 151121s9999||||xx |||||||||||||| ||und|| | ||
| 082 | _a252/जावडे | ||
| 082 | _bHNW-60308 | ||
| 100 | _aजावडेकर शं। द। | ||
| 245 | _aवाल्मिकी आश्रमांतील प्रवचनें | ||
| 260 | _b"सुलभ राष्ट्रीय ग्रंथमाला, पुणे।" | ||
| 260 | _c-- | ||
| 300 | _a63 | ||
| 600 | _aजावडेकर शं। द। | ||
| 630 | _aवाल्मिकी आश्रमांतील प्रवचनें | ||
| 700 | _aजावडेकर शं। द। | ||
| 730 | _aवाल्मिकी आश्रमांतील प्रवचनें | ||
| 942 | _cBOOK | ||
| 999 |
_c1241858 _d1241855 |
||